| 000 | 00627nam a22001691 4500 | ||
|---|---|---|---|
| 082 | 0 | 0 |
_a502 _bMEE _cL-6, P-16. |
| 100 | 1 |
_aMees, C. E. Kenneth _938929 |
|
| 245 | 1 | 4 |
_aThe path of science, _cby C.E. Kenneth Mees ... with the cooperation of John R. Baker ... |
| 260 |
_aNew York, _bJ. Wiley & sons, inc., _aLondon, _bChapman & Hall, limited _c[1946] |
||
| 300 |
_axii, 250 p. incl. front., illus., diagrs. _c22 cm. |
||
| 526 |
_a0 _b0 _c0 _d502_000000000000000_MEE |
||
| 650 | 0 |
_aMCE _9379 |
|
| 650 | 0 |
_aScience _xHistory. _938930 |
|
| 650 | 0 |
_aScience _xMethodology. _914114 |
|
| 700 | 1 |
_aBaker, John Randal, _938931 |
|
| 942 |
_2ddc _cBK |
||
| 999 |
_c543536 _d543536 |
||